|
|
|
|
| LEADER |
00000nab a2200000 a 4500 |
| 001 |
vtls008943753 |
| 003 |
SK-MaSNL |
| 005 |
20260303070924.0 |
| 008 |
060801 19770421xo d 000 0 slo |
| 015 |
|
|
|a SNBRB1977
|
| 040 |
|
|
|a SNKBUCL
|b slo
|c SNKBUCL
|e AACR2
|
| 041 |
0 |
|
|a slo
|
| 044 |
|
|
|a xo
|c SK
|
| 080 |
|
|
|a 32-051
|2 2001
|
| 080 |
|
|
|a 929 Corvalán, Luis
|2 2001
|
| 245 |
0 |
0 |
|a Hlboká vďaka za vyznamenanie
|b Luis Corvalán prevzal medzinárodnú Leninovu cenu
|
| 600 |
1 |
7 |
|a Corvalán, Luis,
|d 1916-2010
|2 snkbucl
|9 215974
|
| 648 |
|
7 |
|a 1977
|2 snkbucl
|9 336325
|
| 650 |
0 |
7 |
|a Leninova cena
|2 snkbucl
|9 1068968
|
| 773 |
0 |
|
|t Pravda
|g (21.4.1977), s. 7
|
| 958 |
|
|
|a BC
|
| 999 |
|
|
|c 1757537
|d 1759467
|